000168027 001__ 168027 000168027 005__ 20260123152958.0 000168027 0248_ $$2sideral$$a147589 000168027 037__ $$aART-2011-147589 000168027 041__ $$acat 000168027 100__ $$0(orcid)0000-0003-1114-4045$$aForcada, P. 000168027 245__ $$aPerills anatómics als abordagtes del colze 000168027 260__ $$c2011 000168027 540__ $$9info:eu-repo/semantics/closedAccess$$aAll rights reserved$$uhttp://www.europeana.eu/rights/rr-f/ 000168027 655_4 $$ainfo:eu-repo/semantics/review$$vinfo:eu-repo/semantics/publishedVersion 000168027 700__ $$aBallesteros, J. 000168027 700__ $$aMorro, R. 000168027 700__ $$aLlusá, M. 000168027 773__ $$g2 (2011), 6-10$$pRev. cir. ortop. traumatol.$$tRevista de cirurgia ortopèdica i traumatologia$$x1698-0468 000168027 8564_ $$s2589111$$uhttps://zaguan.unizar.es/record/168027/files/texto_completo.pdf$$yVersión publicada 000168027 8564_ $$s1023227$$uhttps://zaguan.unizar.es/record/168027/files/texto_completo.jpg?subformat=icon$$xicon$$yVersión publicada 000168027 909CO $$ooai:zaguan.unizar.es:168027$$particulos$$pdriver 000168027 951__ $$a2026-01-23-14:33:40 000168027 980__ $$aARTICLE